La Principal batalla que debe librarse es la batalla por la paz /

Daniel Ortega expone en forma breve la situación de Nicaragua, enfatizando en la posición que ha adoptado el gobierno de Estados Unidos, el cual busca la desestabilizacióin del régimen sandinista por medio del financiamiento de actividades terroristas dirigidas por la Agencia Central de Inteligencia...

Deskribapen osoa

Gorde:
Xehetasun bibliografikoak
Egile nagusia: Ortega Saavedra, Daniel
Formatua: Texto
Gaiak:
Etiketak: Etiketa erantsi
Etiketarik gabe, Izan zaitez lehena erregistro honi etiketa jartzen!

MARC

LEADER 00000 a a2200000 04500
001 5123
003
040
100 |a Ortega Saavedra, Daniel  
245 |a La Principal batalla que debe librarse es la batalla por la paz /  |c Daniel Ortega Saavedra 
500 |a Fragmento del texto del discurso pronunciado por el Cdte. en ocasión de su toma de posesión como Presidente electo de Nicaragua, 10 de enero 1985  
520 |a Daniel Ortega expone en forma breve la situación de Nicaragua, enfatizando en la posición que ha adoptado el gobierno de Estados Unidos, el cual busca la desestabilizacióin del régimen sandinista por medio del financiamiento de actividades terroristas dirigidas por la Agencia Central de Inteligencia (CIA). Con estos actos se ha producido la muerte de muchas personas inocentes, entre ellos niños, jóvenes, mujeres y ancianos. Aparte de los daños en vidas humanas, se encuentran los daños a la infraestructura calculados, para 1985, en una cifra superior a los mil millones de dólares   |a se han destruído centros de producción, escuelas, centros de salud, puentes, barcos pesqueros, depósitos de combustibles, maquinaria y caminos en construcción. Nicaragua se ha podido mantener gracias a la gran ayuda internacional brindada por diferentes países y organismos, así como por la determinación de su pueblo de seguir luchando contra las políticas aplicadas por la Administración Reagan. Se aclara que Nicaragua se encuentra anuente a buscar la paz y contribuir a resolver los problemas que afectan a toda Centroamérica   |a asimismo, que es negativo pensar que Nicaragua sea un peligro para la región. Esta es una falsa idea, difundida por Reagan, con el fin de desestabilizar el gobierno nicaragüense. Nicaragua brinda total apoyo a la iniciativa de paz promovida por el Grupo de Contadora, ya que considera que por su medio se lograría derrotar la intervención extranjera. OB/ALJ  
650 |a GUERRA CIVIL  
650 |a EXPORTACIONES  
650 |a TERRORISMO  
650 |a CONDICIONES DE VIDA  
650 |a POBREZA  
650 |a CAMPESINADO  
650 |a DERECHOS HUMANOS  
650 |a IMPERIALISMO  
650 |a INTERVENCION EXTRANJERA  
650 |a MILITARISMO  
650 |a PRESUPUESTO NACIONAL  
650 |a COOPERACION INTERNACIONAL  
650 |a DESARME  
650 |a REVOLUCION  
650 |a IDEOLOGIAS POLITICAS  
650 |a DEMOCRACI  
773 |g número 6; páginas 5-7  
999 |c 29143  |d 29143 
773 0 |0 43351  |9 4846  |a Proyecto Caribeño de Justicia y Paz  |d San Juan, Puerto Rico: Proyecto Caribeño de Justicia y Paz  |o MFN: 1189  |t DOSSIER/